Fantasy Series For Young Adults Quiz Stats

Quiz Updated Sep 22, 2014

Challenge
Share
Tweet
Embed
Score 0/69 Timer 10:00
0 Plays Today
Series Book Title % Correct
The Lord of the RingsThe Two Towers
86%
Harry PotterHarry Potter and the Philosopher's Stone
84.7%
TwilightTwilight
84.1%
The Lord of the RingsThe Fellowship of the Ring
83.5%
Harry PotterHarry Potter and the Chamber of Secrets
83.2%
Harry PotterHarry Potter and the Prisoner of Azkaban
82.4%
TwilightNew Moon
82.1%
Harry PotterHarry Potter and the Goblet of Fire
82%
Harry PotterHarry Potter and the Deathly Hallows
81.7%
Harry PotterHarry Potter and the Half-Blood Prince
81.5%
The Chronicles of NarniaThe Lion, the Witch and the Wardrobe
81%
The Lord of the RingsThe Return of the King
80.9%
Harry PotterHarry Potter and the Order of the Phoenix
79%
TwilightBreaking Dawn
75.7%
The Chronicles of NarniaPrince Caspian
70.5%
TwilightEclipse
69%
Percy Jackson & the OlympiansThe Lightning Thief
60.9%
The Chronicles of NarniaThe Voyage of the Dawn Treader
55.4%
His Dark MaterialsNorthern Lights
54.5%
The Chronicles of NarniaThe Magician's Nephew
50.8%
The Chronicles of NarniaThe Silver Chair
50.2%
The Chronicles of NarniaThe Last Battle
43.6%
Percy Jackson & the OlympiansThe Sea of Monsters
43.2%
The Chronicles of NarniaThe Horse and His Boy
42.4%
Inheritance CycleEragon
41.9%
His Dark MaterialsThe Amber Spyglass
37.2%
A Series of Unfortunate EventsThe Bad Beginning
36.6%
His Dark MaterialsThe Subtle Knife
34.6%
Inheritance CycleEldest
30.1%
Percy Jackson & the OlympiansThe Last Olympian
29.6%
Inheritance CycleBrisingr
28.4%
A Series of Unfortunate EventsThe End
28%
A Series of Unfortunate EventsThe Reptile Room
27.8%
Percy Jackson & the OlympiansThe Titan's Curse
26.6%
Percy Jackson & the OlympiansThe Battle of the Labyrinth
24.9%
Series Book Title % Correct
Inheritance CycleInheritance
24.4%
A Series of Unfortunate EventsThe Wide Window
23.7%
A Series of Unfortunate EventsThe Ersatz Elevator
22%
Maximum RideMAX
21.4%
A Series of Unfortunate EventsThe Austere Academy
19.9%
A Series of Unfortunate EventsThe Penultimate Peril
19.8%
A Series of Unfortunate EventsThe Miserable Mill
19.6%
Time QuintetA Wrinkle in Time
19.5%
A Series of Unfortunate EventsThe Slippery Slope
19%
A Series of Unfortunate EventsThe Vile Village
18.2%
Maximum RideAngel
18%
A Series of Unfortunate EventsThe Carnivorous Carnival
17.1%
A Series of Unfortunate EventsThe Hostile Hospital
16.9%
Maximum RideFang
16.4%
A Series of Unfortunate EventsThe Grim Grotto
16.4%
Maximum RideThe Angel Experiment
15.3%
Maximum RideSchool's Out Forever
14.6%
Maximum RideNevermore
14.1%
The Chronicles of PrydainThe Black Cauldron
13.1%
Time QuintetA Swiftly Tilting Planet
12.6%
Maximum RideSaving the World and Other Extreme Sports
12.2%
Time QuintetA Wind in the Door
11.6%
Time QuintetMany Waters
10.9%
Maximum RideThe Final Warning
10.8%
The Chronicles of PrydainThe Book of Three
10.5%
The Chronicles of PrydainThe High King
9.8%
The Chronicles of PrydainTaran Wanderer
9.7%
The Spiderwick ChroniclesThe Field Guide
8.5%
The Chronicles of PrydainThe Castle of Llyr
8.5%
The Spiderwick ChroniclesThe Seeing Stone
8.4%
The Spiderwick ChroniclesLucinda's Secret
8.1%
The Spiderwick ChroniclesThe Ironwood Tree
7.9%
The Spiderwick ChroniclesThe Wrath of Mulgarath
7.7%
Time QuintetAn Acceptable Time
7.1%

You're not logged in!

Compare scores with friends on all Sporcle quizzes.
Join for Free
OR
Log In

You Might Also Like...

Show Comments

Extras

Top Quizzes Today


Score Distribution

Your Account Isn't Verified!

In order to create a playlist on Sporcle, you need to verify the email address you used during registration. Go to your Sporcle Settings to finish the process.

Report this User

Report this user for behavior that violates our Community Guidelines.

Details: